000
00338nam a2200145Ia 4500
008
191201s2010 xx 000 0 und d
082
_a
005.106
_b
HUS
100
_a
HUGHES, BOB
245
0
_a
Software Project Management
250
_a
Ed.5th
260
_a
N. Delhi
_b
TMH
_c
2010
300
_a
392
650
_a
B.Tech(CSE)
942
_2
ddc
_c
BK
999
_c
4582
_d
4582